000 00496nam a22001817a 4500
005 20160816105917.0
010 _aENG-115756
020 _a9788130933719
_c250.00
035 _aEN-99288
037 _bDBAD/PUB
082 _a494
100 _aAdrienne
245 _aFrench in 32 lessons /
_cby Adrienne
260 _aNew Delhi
_bViva Books
_c2016
270 _a4737/23,Ansari Road,Daryaganj
_bNew Delhi
_e110002
300 _a220p.
_c22cm(pbk)
942 _2ddc
_cEN
_h494
_mADR
999 _c102325
_d102325